000 00316nam a22001217a 4500
999 _c4467
_d4467
008 250225b ||||| |||| 00| 0 eng d
020 _a9780753440636
082 _a608 TAY
100 _aTAYLOR,BARBARA
_eAUTHOR
245 _aZIPS AND TEETH
260 _a20 NEW WHARF ROAD,LONDON N1 9RR
_bKINGFISHER
_c1996
942 _2ddc